Advanced theory of semiconductor devices / (Record no. 175750)

000 -LEADER
fixed length control field 01279 a2200205 4500
003 - CONTROL NUMBER IDENTIFIER
control field Nust
005 - DATE AND TIME OF LATEST TRANSACTION
control field 20220812154200.0
010 ## - LIBRARY OF CONGRESS CONTROL NUMBER
LC control number 87025491
020 ## - INTERNATIONAL STANDARD BOOK NUMBER
International Standard Book Number 0130115118 :
040 ## - CATALOGING SOURCE
Transcribing agency Nust
082 00 - DEWEY DECIMAL CLASSIFICATION NUMBER
Classification number 621.38152,HES
100 1# - MAIN ENTRY--PERSONAL NAME
Personal name Hess, Karl,
9 (RLIN) 56061
245 10 - TITLE STATEMENT
Title Advanced theory of semiconductor devices /
Statement of responsibility, etc. Karl Hess.
260 ## - PUBLICATION, DISTRIBUTION, ETC.
Place of publication, distribution, etc. Englewood Cliffs, N.J. :
Name of publisher, distributor, etc. Prentice-Hall,
Date of publication, distribution, etc. c1988.
300 ## - PHYSICAL DESCRIPTION
Extent xv, 268 p. :
Other physical details ill. ;
Dimensions 24 cm.
440 #0 - SERIES STATEMENT/ADDED ENTRY--TITLE
Title Prentice Hall series in solid state physical electronics
9 (RLIN) 56019
505 ## - FORMATTED CONTENTS NOTE
Formatted contents note Brief Review of the Relevant Basic Equations (Page-1), Lattice Vibrations (Page-12), The Symmetry of the Crystal Lattice (Page-21), The Theory of Energy Bands in Crystals (Page-34), Imperfections (Page- 57), Equilibrium Statistics for Electronic and Holes (Page-65), Dielectric Properties of semiconductors (Page-76), Scattering Theory (Page-81), The Boltzmann Transport Equations and its Approximate Solution (Page- 104), Generation Recombination (Page-117), The Device Equations (Page-130), The Hetero Junction Barrier and Related Transport Problems (Page-142), Diodes (Page-163), Transistors (Page-210), New Types Of Device and Chapters that Have Not Yet been Written (Page-232).
650 #0 - SUBJECT ADDED ENTRY--TOPICAL TERM
Topical term or geographic name entry element Telecommunication Engineering.
942 ## - ADDED ENTRY ELEMENTS (KOHA)
Koha item type Reference
Source of classification or shelving scheme
Holdings
Withdrawn status Lost status Source of classification or shelving scheme Damaged status Not for loan Permanent Location Current Location Shelving location Date acquired Full call number Barcode Date last seen Price effective from Koha item type Public note
          Military College of Signals (MCS) Military College of Signals (MCS) Reference 12/12/2016 621.38152,HES MCS678 12/08/2016 12/12/2016 Reference Almirah No.21, Shelf No.4
© 2023 Central Library, National University of Sciences and Technology. All Rights Reserved.